000 14296 a2200745 4500
005 20090519123518.0
008 090519t xxu||||| |||| 00| 0 hind
010 _aB-298441-483
020 _c300.00
035 _aB-298441-483
037 _bस्टैण्डर्ड पब्लिशर्स इण्डिया
040 _aDPL
_bHN
082 _a820.8
100 _aविजया
245 _aहिन्दी आत्मकथा साहित्य का अनुशीलन /
_cविजया
260 _aनवी मुंबई
_bशब्दसृष्टि
_c2008
270 _a102, कृष्ण कमल,प्लॉट-5, सेक्टर-5, संत ज्ञानेश्वर माऊली महाराज मार्ग,नेरूल(पूर्व)
_bनवी मुंबई
_e400706
300 _a272पृ
_c22 सेमी (सजिल्द)
500 _aडॉ. हरिवंशराय बच्चन के विशेष संदर्भ में
942 _adpl
_cHN
_k / विजया
_2ddc
_h820.8
_mविजया
999 _c12598
_d12598